Mandátna zmuva

Základné princípy mandátnej zmluvy. Povinnosti a práva mandanta a mandantára.

Gespeichert in:
Bibliographische Detailangaben
1. Verfasser: Mintál, Ján
Format: Buchkapitel
Sprache:Slowakisch
Schlagworte:
Tags: Tag hinzufügen
Keine Tags, Fügen Sie das erste Tag hinzu!

MARC

LEADER 00000naa a2200000 4500
001 0224821
005 20231120131140.7
041 0 |a slo 
044 |a SK 
245 1 0 |a Mandátna zmuva  |c Ján Mintál 
520 |a Základné princípy mandátnej zmluvy. Povinnosti a práva mandanta a mandantára. 
610 2 0 |a zmluvy mandátne 
610 2 0 |a obstarávanie 
610 2 0 |a zákonník obchodný 
100 1 |a Mintál, Ján